000 00449nam a2200181Ia 4500
001 14609
005 20260306164927.0
008 260306t2013||||xx |||||||||||||| ||spa||
041 _aESP
082 _a515.35
_bK81 V. 1 2013
100 _aKreyszig, Erwin
_eAUT
245 0 _aMatemáticas avanzadas para ingeniería
260 _c2013
300 _axvii, 562 páginas :
_c27 cm.
650 _aGEN
654 _aCMA
942 _cLIB
_dJUS
_fJUS
_2ddc
_n
999 _c14609
_d14609